00949nam a2200289 a 450000100060000000300080000600500170001400800410003102000150007203500190008704000370010604100080014308200300015124500610018126000540024230000260029650400530032265000340037565000270040965000370043665000270047365000300050065000540053065000180058465000360060270000210063871398BD-RjUL20211209082117.0170503s1990 enk b 001 0 eng d a0415041082 a(BD-RjUL)71614 aDNLM/DLCcDLCdDLCdBD-RjULbeng aeng00a616.9792071223bAID 199000aAIDS, drugs, and prostitution /cedited by Martin Plant. aLondon ;aNew York :bTavistock/Routledge,c1990. axvi, 213 p. ;c22 cm. aIncludes bibliographical references and indexes. 0aAIDS (Disease)xEpidemiology. 0aProstitutesxDiseases. 0aProstitutesxHealth and hygiene. 0aProstitutesxDrug use. 0aProstitutesxAlcohol use. 2aAcquired Immunodeficiency Syndromextransmission. 2aProstitution. 2aSubstance Abusexcomplications.1 aPlant, Martin A.